000
00299pam a2200109a 44500
008
230405s2004 xxu||||| |||| 00| 0 eng d
041
_a
ENG
100
_a
Desrosier Ed.
245
_a
The Technology of food preservation
260
_a
new delhi
_b
C.B.S Publishers & Distributers
_c
2004
906
_a
15588
999
_c
306087
_d
306087